[Event "Rio de Janeiro op 2nd"]
[Site "Rio de Janeiro"]
[Date "2023.05.03"]
[Round "2"]
[White "Torella, Rodolfo"]
[Black "Duarte Napoles, Fanny"]
[Result "1/2-1/2"]
[WhiteElo "1963"]
[BlackElo "2204"]
[PlyCount "94"]
[EventDate "2023.05.02"]
[EventType "swiss"]
[EventRounds "9"]
[EventCountry "BRA"]
[SourceTitle "CBM 214 Extra"]
[Source "ChessBase"]
[SourceDate "2023.07.31"]
[SourceVersion "1"]
[SourceVersionDate "2023.07.31"]
[SourceQuality "1"]

1. e4 c5 2. Nf3 g6 3. d4 cxd4 4. Nxd4 Nc6 5. c4 Nf6 6. Nc3 Nxd4 7. Qxd4 d6 8. Be2 Bg7 9. 0-0 0-0 10. Bg5 Be6 11. Qe3 a6 12. Rfd1 Qa5 13. b4 Qxb4 14. Rab1 Qa5 15. Rxb7 Rfe8 16. h3 Rac8 17. Nd5 Bxd5 18. exd5 Qxa2 19. Bd3 Qa4 20. Re1 Bf8 21. Bh6 Rb8 22. Rxb8 Rxb8 23. Bxf8 Rxf8 24. Qa7 a5 25. Rxe7 Qd1+ 26. Bf1 a4 27. g3 Qc2 28. Qd4 Ne8 29. Ra7 Qa2 30. Qd1 Nf6 31. Qxa4 Qd2 32. Qa2 Qg5 33. Ra8 Ne4 34. Bg2 Qc1+ 35. Kh2 Nd2 36. Rxf8+ Kxf8 37. Qa5 Nxc4 38. Qc7 Kg7 39. h4 h5 40. Bh3 Qc2 41. Bg2 Ne3 42. Qxc2 Nxc2 43. f4 Ne3 44. Be4 Kf6 45. Kg1 Nd1 46. Kf1 Nc3 47. Bf3 Kf5 1/2-1/2

[Event "ARG-ch Seniors 50"]
[Site "Buenos Aires"]
[Date "2021.12.09"]
[Round "2"]
[White "Mussanti, Diego"]
[Black "Torella, Rodolfo"]
[Result "1-0"]
[WhiteElo "2320"]
[BlackElo "2022"]
[PlyCount "69"]
[EventDate "2021.12.08"]
[EventType "swiss"]
[EventRounds "7"]
[EventCountry "ARG"]
[SourceTitle "CBM 205 Extra"]
[Source "ChessBase"]
[SourceDate "2022.01.31"]
[SourceVersion "1"]
[SourceVersionDate "2022.01.31"]
[SourceQuality "1"]

1. e4 e6 2. d4 d5 3. Nc3 Nf6 4. Bg5 Bb4 5. e5 h6 6. Bc1 Ne4 7. Qg4 Kf8 8. Nge2 c5 9. a3 Qa5 10. axb4 Qxa1 11. Nxe4 dxe4 12. bxc5 Nc6 13. Qxe4 Nb4 14. f3 Na2 15. Qe3 Nxc1 16. Qxc1 Qxc1+ 17. Nxc1 Bd7 18. Kd2 b6 19. Ba6 bxc5 20. dxc5 Ke7 21. Nd3 Bc8 22. Ra1 f6 23. b4 Rd8 24. Ke3 Kd7 25. b5 Kc7 26. Bxc8 Rdxc8 27. Ra6 Kd7 28. c4 Ke7 29. f4 g5 30. f5 exf5 31. Rxf6 f4+ 32. Ke4 Rh8 33. Nb4 Raf8 34. Ra6 f3 35. Nd5+ 1-0

[Event "Montevideo Duchamp Cup 4th"]
[Site "Montevideo"]
[Date "2020.02.12"]
[Round "6"]
[White "Menna Barreto, Felipe Kubiaki"]
[Black "Torella, Rodolfo"]
[Result "1/2-1/2"]
[WhiteElo "2395"]
[BlackElo "2081"]
[PlyCount "61"]
[EventDate "2020.02.08"]
[EventType "swiss"]
[EventRounds "9"]
[EventCountry "URU"]
[SourceTitle "CBM 194 Extra"]
[Source "ChessBase"]
[SourceDate "2020.03.31"]
[SourceVersion "1"]
[SourceVersionDate "2020.03.31"]
[SourceQuality "1"]

1. d4 d5 2. Bf4 Nf6 3. e3 e6 4. Nd2 c5 5. c3 Nc6 6. Ngf3 Bd6 7. Bg3 a6 8. Bd3 Nh5 9. Bxd6 Qxd6 10. 0-0 g6 11. dxc5 Qxc5 12. c4 0-0 13. cxd5 exd5 14. Rc1 Qd6 15. h3 Re8 16. Nb3 Ng7 17. Qd2 Ne6 18. Rfd1 Qe7 19. Be2 Rd8 20. Na5 Nxa5 21. Qxa5 Qd6 22. Nd4 Nxd4 23. Rxd4 Be6 24. Bf3 Rac8 25. Rcd1 Rc5 26. Qb4 Rb5 27. Qd2 Qb6 28. b3 Rc8 29. Bxd5 Bxd5 30. Rxd5 Rxd5 31. Qxd5 1/2-1/2

[Event "Montevideo Duchamp Cup 4th"]
[Site "Montevideo"]
[Date "2020.02.09"]
[Round "2"]
[White "Hoffman, Alejandro"]
[Black "Torella, Rodolfo"]
[Result "1-0"]
[WhiteElo "2472"]
[BlackElo "2081"]
[PlyCount "51"]
[EventDate "2020.02.08"]
[EventType "swiss"]
[EventRounds "9"]
[EventCountry "URU"]
[SourceTitle "CBM 194 Extra"]
[Source "ChessBase"]
[SourceDate "2020.03.31"]
[SourceVersion "1"]
[SourceVersionDate "2020.03.31"]
[SourceQuality "1"]

1. d4 d5 2. c4 e6 3. Nf3 Nf6 4. Bg5 c6 5. e3 h6 6. Bxf6 Qxf6 7. Nc3 Nd7 8. Bd3 Bb4 9. 0-0 Bxc3 10. bxc3 0-0 11. Rb1 dxc4 12. Bxc4 e5 13. Be2 Re8 14. a4 c5 15. a5 e4 16. Nd2 Qg5 17. Nc4 Nf6 18. Kh1 Rd8 19. Rb5 Rd5 20. f4 Qh4 21. Ne5 cxd4 22. Rxd5 Nxd5 23. Qxd4 Nc7 24. Qxe4 Rb8 25. Bd3 f5 26. Qc4+ 1-0

[Event "Florianopolis op 6th"]
[Site "Florianopolis"]
[Date "2020.01.26"]
[Round "10"]
[White "Eger, Laura Luisa"]
[Black "Torella, Rodolfo"]
[Result "1/2-1/2"]
[WhiteElo "1656"]
[BlackElo "2091"]
[PlyCount "72"]
[EventDate "2020.01.20"]
[EventType "swiss"]
[EventRounds "10"]
[EventCountry "BRA"]
[SourceTitle "CBM 194 Extra"]
[Source "ChessBase"]
[SourceDate "2020.03.31"]
[SourceVersion "1"]
[SourceVersionDate "2020.03.31"]
[SourceQuality "1"]

1. e4 c5 2. Nf3 Nc6 3. Bb5 d6 4. 0-0 Bd7 5. Re1 Nf6 6. c3 a6 7. Bf1 Bg4 8. h3 Bh5 9. g4 Bg6 10. d4 cxd4 11. cxd4 Nxe4 12. Nh4 d5 13. Nxg6 hxg6 14. Nc3 Nxc3 15. bxc3 e6 16. Qf3 Bd6 17. Bd3 Qh4 18. Bf1 0-0 19. Bd2 Rfc8 20. Qd3 Ba3 21. Rab1 Qe7 22. Bg2 Rd8 23. Bf4 b5 24. Qe3 Rdc8 25. Qg3 Rd8 26. Bd2 Na5 27. f4 Nc4 28. Re2 Qc7 29. Bc1 Bd6 30. Qf3 Rac8 31. f5 exf5 32. gxf5 gxf5 33. Qxf5 g6 34. Qf6 Bf8 35. Rf2 Rd6 36. Qf3 Qe7 1/2-1/2

[Event "Florianopolis op 6th"]
[Site "Florianopolis"]
[Date "2020.01.25"]
[Round "8"]
[White "Gonzalez, Augusto"]
[Black "Torella, Rodolfo"]
[Result "1/2-1/2"]
[WhiteElo "1760"]
[BlackElo "2091"]
[PlyCount "92"]
[EventDate "2020.01.20"]
[EventType "swiss"]
[EventRounds "10"]
[EventCountry "BRA"]
[SourceTitle "CBM 194 Extra"]
[Source "ChessBase"]
[SourceDate "2020.03.31"]
[SourceVersion "1"]
[SourceVersionDate "2020.03.31"]
[SourceQuality "1"]

1. d4 d5 2. c4 e6 3. Nc3 Nf6 4. cxd5 exd5 5. Bg5 c6 6. Qc2 Bd6 7. e3 Nbd7 8. Bd3 Nf8 9. Nf3 Ng6 10. h4 Be6 11. h5 Nf8 12. h6 g6 13. 0-0-0 N8d7 14. e4 dxe4 15. Nxe4 Be7 16. Rhe1 Nxe4 17. Bxe7 Qxe7 18. Rxe4 Nb6 19. Qc5 Qxc5+ 20. dxc5 Nd7 21. b4 0-0-0 22. Ng5 Bxa2 23. Re7 a5 24. Bb1 Be6 25. Nxe6 fxe6 26. Ba2 Ne5 27. Bxe6+ Kb8 28. Rxd8+ Rxd8 29. Rxh7 Ka7 30. bxa5 Nd3+ 31. Kb1 Nxf2 32. Rg7 Nd3 33. Rxg6 Nf4 34. Rf6 Nxg2 35. h7 Rd1+ 36. Kc2 Rh1 37. Rf7 Ka6 38. Bc8 Kxa5 39. Bxb7 Kb5 40. Rc7 Ne3+ 41. Kd3 Nd5 42. Bxc6+ Kxc5 43. Bb7+ Kd6 44. Rg7 Rh3+ 45. Ke4 Nf6+ 46. Kf5 Rxh7 1/2-1/2

[Event "Florianopolis op 6th"]
[Site "Florianopolis"]
[Date "2020.01.24"]
[Round "7"]
[White "Torella, Rodolfo"]
[Black "Aranha Filho, Alvaro Zimmermann"]
[Result "1/2-1/2"]
[WhiteElo "2091"]
[BlackElo "2340"]
[PlyCount "51"]
[EventDate "2020.01.20"]
[EventType "swiss"]
[EventRounds "10"]
[EventCountry "BRA"]
[SourceTitle "CBM 194 Extra"]
[Source "ChessBase"]
[SourceDate "2020.03.31"]
[SourceVersion "1"]
[SourceVersionDate "2020.03.31"]
[SourceQuality "1"]

1. e4 c5 2. Nf3 Nc6 3. d3 g6 4. g3 Bg7 5. Bg2 d6 6. 0-0 e5 7. Nc3 Nge7 8. Nd2 0-0 9. Nc4 f5 10. Nd5 Nxd5 11. exd5 Ne7 12. a4 f4 13. c3 h5 14. h3 Nf5 15. g4 Nh4 16. f3 Bf6 17. Bd2 b6 18. Na3 Bg7 19. Nb1 hxg4 20. fxg4 Nxg2 21. Kxg2 Ba6 22. Qe2 Qh4 23. c4 Qe7 24. Rf3 Bc8 25. Nc3 Bd7 26. Nd1 1/2-1/2

[Event "Florianopolis op 6th"]
[Site "Florianopolis"]
[Date "2020.01.23"]
[Round "6"]
[White "Fante, Gabriel"]
[Black "Torella, Rodolfo"]
[Result "0-1"]
[WhiteElo "1673"]
[BlackElo "2091"]
[PlyCount "50"]
[EventDate "2020.01.20"]
[EventType "swiss"]
[EventRounds "10"]
[EventCountry "BRA"]
[SourceTitle "CBM 194 Extra"]
[Source "ChessBase"]
[SourceDate "2020.03.31"]
[SourceVersion "1"]
[SourceVersionDate "2020.03.31"]
[SourceQuality "1"]

1. d4 d5 2. Nf3 Nf6 3. Bg5 e6 4. Nbd2 c5 5. c3 Nc6 6. e3 h6 7. Bxf6 Qxf6 8. Bd3 Bd7 9. Qe2 Bd6 10. 0-0 0-0 11. Rad1 Rfe8 12. dxc5 Bxc5 13. Nb3 Bb6 14. e4 g5 15. e5 Qg7 16. Kh1 g4 17. Rg1 Kh8 18. Rde1 Bc7 19. Nh4 Qxe5 20. g3 Qxe2 21. Bxe2 Bb6 22. Rgf1 Ne5 23. f3 gxf3 24. Bxf3 Nd3 25. Rb1 Kg7 0-1

[Event "Florianopolis op 6th"]
[Site "Florianopolis"]
[Date "2020.01.23"]
[Round "5"]
[White "Torella, Rodolfo"]
[Black "Ulrich, Henning"]
[Result "1-0"]
[WhiteElo "2091"]
[BlackElo "1855"]
[PlyCount "99"]
[EventDate "2020.01.20"]
[EventType "swiss"]
[EventRounds "10"]
[EventCountry "BRA"]
[SourceTitle "CBM 194 Extra"]
[Source "ChessBase"]
[SourceDate "2020.03.31"]
[SourceVersion "1"]
[SourceVersionDate "2020.03.31"]
[SourceQuality "1"]

1. e4 c5 2. Nf3 e6 3. d3 Nc6 4. g3 d5 5. Nbd2 g6 6. Bg2 Bg7 7. 0-0 Nge7 8. Re1 0-0 9. c3 b6 10. exd5 exd5 11. Nb3 h6 12. d4 c4 13. Nbd2 Bf5 14. Ne5 Nxe5 15. dxe5 Qd7 16. Nf3 Bg4 17. Qd2 Nc6 18. h3 Be6 19. h4 Rad8 20. Qf4 b5 21. Nd4 Nxd4 22. Qxd4 Qc7 23. Bf4 Rfe8 24. Rad1 Rd7 25. Bf3 Qc8 26. Rd2 Bf8 27. Be3 Red8 28. Red1 Bg7 29. h5 g5 30. Kg2 Qc7 31. a4 Bxe5 32. Qc5 Qxc5 33. Bxc5 bxa4 34. Ra1 Rc7 35. Be3 f5 36. Re1 g4 37. Bd1 d4 38. cxd4 Bd5+ 39. Kh2 Bg7 40. Bxa4 Be4 41. Rc1 Rdc8 42. d5 Rb7 43. d6 Bxb2 44. d7 Rd8 45. Rxc4 Bf6 46. Rc8 Rb1 47. Rd1 Rb4 48. Bc6 Bxc6 49. Rxc6 Rb7 50. Rxf6 1-0

[Event "Florianopolis op 6th"]
[Site "Florianopolis"]
[Date "2020.01.21"]
[Round "2"]
[White "Guimaraes, Diogo Duarte"]
[Black "Torella, Rodolfo"]
[Result "0-1"]
[WhiteElo "2292"]
[BlackElo "2091"]
[PlyCount "70"]
[EventDate "2020.01.20"]
[EventType "swiss"]
[EventRounds "10"]
[EventCountry "BRA"]
[SourceTitle "CBM 194 Extra"]
[Source "ChessBase"]
[SourceDate "2020.03.31"]
[SourceVersion "1"]
[SourceVersionDate "2020.03.31"]
[SourceQuality "1"]

1. d4 d5 2. c4 e6 3. Nc3 Nf6 4. Nf3 c6 5. Bg5 h6 6. Bxf6 Qxf6 7. e3 Nd7 8. Be2 g6 9. 0-0 Bg7 10. e4 dxe4 11. Nxe4 Qe7 12. Re1 0-0 13. Qc2 e5 14. d5 f5 15. Nc3 e4 16. Bf1 Qd6 17. dxc6 bxc6 18. Rad1 Qc5 19. Na4 Qa5 20. Nd2 Nc5 21. Nxc5 Qxc5 22. Nb3 Qb4 23. c5 Be6 24. f3 Bd5 25. fxe4 fxe4 26. Nd2 Rae8 27. a3 Qxb2 28. Qxb2 Bxb2 29. Nc4 Rxf1+ 30. Rxf1 Bxc4 31. Rf2 Bxa3 32. Rf6 Bxc5+ 33. Kh1 e3 34. Rxg6+ Kh7 35. Rxc6 e2 0-1

[Event "Rio de Janeiro Duchamp op 3rd"]
[Site "Rio de Janeiro"]
[Date "2019.12.08"]
[Round "3"]
[White "Galego, Luis"]
[Black "Torella, Rodolfo"]
[Result "1-0"]
[WhiteElo "2483"]
[BlackElo "2085"]
[PlyCount "83"]
[EventDate "2019.12.07"]
[EventType "swiss"]
[EventRounds "9"]
[EventCountry "BRA"]
[SourceTitle "CBM 193 Extra"]
[Source "ChessBase"]
[SourceDate "2020.01.31"]
[SourceVersion "1"]
[SourceVersionDate "2020.01.31"]
[SourceQuality "1"]

1. e4 d6 2. Nf3 Nf6 3. Nc3 g6 4. d4 Bg7 5. h3 c6 6. a3 0-0 7. Be3 Qa5 8. Nd2 b5 9. Be2 e5 10. 0-0 a6 11. dxe5 dxe5 12. a4 b4 13. Nc4 Qc7 14. Na2 c5 15. Qd6 Qxd6 16. Nxd6 Nbd7 17. a5 Rb8 18. Nc1 Rd8 19. Nb3 Bf8 20. Nxc8 Rdxc8 21. Bxa6 Rc7 22. Nd2 c4 23. Bxc4 Nxe4 24. Bxf7+ Kxf7 25. Nxe4 Rxc2 26. Rfd1 Ke8 27. b3 Nc5 28. Nxc5 Bxc5 29. Rd5 Be7 30. a6 Rc3 31. a7 Ra8 32. Rxe5 Kf7 33. Rb5 Bd6 34. Rd1 Ke7 35. Rb7+ Rc7 36. Rxc7+ Bxc7 37. Bc5+ Ke6 38. g3 Be5 39. h4 Bc3 40. Rd6+ Ke5 41. Rd7 h5 42. Bb6 1-0

[Event "Timbues op"]
[Site "Timbues"]
[Date "2019.11.16"]
[Round "2"]
[White "Di Giannantonio, Nino"]
[Black "Torella, Rodolfo"]
[Result "1-0"]
[WhiteElo "2395"]
[BlackElo "2084"]
[PlyCount "73"]
[EventDate "2019.11.15"]
[EventType "swiss"]
[EventRounds "7"]
[EventCountry "ARG"]
[SourceTitle "CBM 193 Extra"]
[Source "ChessBase"]
[SourceDate "2020.01.31"]
[SourceVersion "1"]
[SourceVersionDate "2020.01.31"]
[SourceQuality "1"]

1. e4 c5 2. Nf3 Nc6 3. Bb5 d6 4. c3 a6 5. Ba4 b5 6. Bc2 Bg4 7. h3 Bxf3 8. Qxf3 g6 9. d3 Bg7 10. Nd2 Nf6 11. 0-0 0-0 12. Qe3 e5 13. a3 Nh5 14. a4 Nf4 15. Nf3 Qc8 16. axb5 axb5 17. Rxa8 Qxa8 18. g3 Ne6 19. Bb3 c4 20. Bc2 Rd8 21. Rd1 Nc5 22. Qe2 Na5 23. Bg5 Rd7 24. d4 exd4 25. Nxd4 Qa6 26. Qf3 Nc6 27. Nxc6 Qxc6 28. Rd5 Na4 29. Bxa4 bxa4 30. Bf6 Rb7 31. Qf4 Rb6 32. h4 h5 33. g4 Bxf6 34. Qxf6 Qe8 35. gxh5 Qxe4 36. h6 Qg4+ 37. Kh2 1-0

[Event "American Continental 15th"]
[Site "Sao Paulo"]
[Date "2019.07.09"]
[Round "6"]
[White "Torella, Rodolfo"]
[Black "Abdalla, Luiz Guilherme"]
[Result "0-1"]
[WhiteElo "2047"]
[BlackElo "2245"]
[PlyCount "58"]
[EventDate "2019.07.05"]
[EventType "swiss"]
[EventRounds "11"]
[EventCountry "BRA"]
[SourceTitle "CBM 191 Extra"]
[Source "ChessBase"]
[SourceDate "2019.09.30"]
[SourceVersion "1"]
[SourceVersionDate "2019.09.30"]
[SourceQuality "1"]

1. e4 e6 2. d3 d5 3. Nd2 Nf6 4. Ngf3 Bc5 5. e5 Nfd7 6. g3 Bb6 7. Bg2 c5 8. 0-0 Nc6 9. Re1 0-0 10. Nf1 f6 11. exf6 Qxf6 12. Qe2 e5 13. Ng5 e4 14. dxe4 Nd4 15. Qd2 Ne5 16. f4 Qxg5 17. fxg5 Nef3+ 18. Bxf3 Nxf3+ 19. Kg2 Nxd2 20. Bxd2 d4 21. Bf4 Be6 22. Nd2 c4 23. e5 Ba5 24. Red1 c3 25. Nb3 cxb2 26. Rab1 Bc3 27. Bd2 a5 28. Bxc3 dxc3 29. a4 Bxb3 0-1

[Event "ARG-ch sf 94th"]
[Site "Buenos Aires"]
[Date "2019.03.31"]
[Round "2"]
[White "Tristan, Leonardo"]
[Black "Torella, Rodolfo"]
[Result "1-0"]
[WhiteElo "2504"]
[BlackElo "2032"]
[PlyCount "99"]
[EventDate "2019.03.30"]
[EventType "swiss"]
[EventRounds "9"]
[EventCountry "ARG"]
[SourceTitle "CBM 189 Extra"]
[Source "ChessBase"]
[SourceDate "2019.06.03"]
[SourceVersion "1"]
[SourceVersionDate "2019.06.03"]
[SourceQuality "1"]

1. d4 d5 2. Bg5 Nf6 3. Nd2 Bf5 4. e3 Nbd7 5. c4 c6 6. Ngf3 h6 7. Bh4 e6 8. Qb3 Qb6 9. c5 Qxb3 10. axb3 g5 11. Bg3 Nh5 12. b4 Nxg3 13. hxg3 Bg7 14. b5 Kd8 15. b6 Ke7 16. bxa7 b6 17. cxb6 Rhb8 18. Ba6 Rxb6 19. Bc8 Nf8 20. Ke2 Kd8 21. Ra6 Rxa6 22. Bxa6 Rxa7 23. Bd3 Bxd3+ 24. Kxd3 Rb7 25. b3 Nd7 26. Rc1 Kc7 27. g4 Kd6 28. e4 dxe4+ 29. Nxe4+ Kc7 30. Nfd2 Nf6 31. Nc5 Rb5 32. Ra1 Kb8 33. f3 Nd5 34. Na6+ Kb7 35. Ne4 Bf8 36. Nac5+ Bxc5 37. Nxc5+ Kb8 38. Rh1 Nf4+ 39. Ke4 Nxg2 40. Rxh6 Nf4 41. Rh8+ Kc7 42. Rh7 Kb6 43. Rxf7 Ka5 44. Rg7 Nh3 45. Rc7 Rb6 46. Re7 Nf4 47. Nxe6 Nd5 48. Ra7+ Kb4 49. Nc5 Nc3+ 50. Ke3 1-0

[Event "Florianopolis op 5th"]
[Site "Florianopolis"]
[Date "2019.01.24"]
[Round "5"]
[White "Torella, Rodolfo"]
[Black "Villalba, Marcelo"]
[Result "0-1"]
[WhiteElo "2054"]
[BlackElo "2276"]
[PlyCount "76"]
[EventDate "2019.01.21"]
[EventType "swiss"]
[EventRounds "10"]
[EventCountry "BRA"]
[SourceTitle "CBM 188 Extra"]
[Source "ChessBase"]
[SourceDate "2019.02.26"]
[SourceVersion "1"]
[SourceVersionDate "2019.02.26"]
[SourceQuality "1"]

1. e4 e5 2. Nc3 Nc6 3. g3 Bc5 4. Bg2 d6 5. Nge2 f5 6. d3 a6 7. Be3 Bxe3 8. fxe3 fxe4 9. dxe4 Nf6 10. Qd2 Be6 11. 0-0-0 0-0 12. h3 Qd7 13. Nd5 Rf7 14. Rdf1 Raf8 15. g4 Ne8 16. Qe1 Nd8 17. Qh4 c6 18. Ndc3 b5 19. b3 Nb7 20. Rxf7 Rxf7 21. Rf1 Rxf1+ 22. Bxf1 Nc5 23. Bg2 b4 24. Nd1 a5 25. Ng3 a4 26. Nf5 axb3 27. axb3 Nf6 28. Nf2 d5 29. Ng3 d4 30. Qg5 Qa7 31. Nh5 Nxh5 32. gxh5 Qa1+ 33. Kd2 Qc3+ 34. Kd1 dxe3 35. Qd8+ Kf7 36. Ng4 Nd7 37. Ke2 Bxg4+ 38. hxg4 Qd2+ 0-1

[Event "Florianopolis op 5th"]
[Site "Florianopolis"]
[Date "2019.01.23"]
[Round "4"]
[White "Pereira, Silvio Cunha"]
[Black "Torella, Rodolfo"]
[Result "1/2-1/2"]
[WhiteElo "2258"]
[BlackElo "2054"]
[PlyCount "101"]
[EventDate "2019.01.21"]
[EventType "swiss"]
[EventRounds "10"]
[EventCountry "BRA"]
[SourceTitle "CBM 188 Extra"]
[Source "ChessBase"]
[SourceDate "2019.02.26"]
[SourceVersion "1"]
[SourceVersionDate "2019.02.26"]
[SourceQuality "1"]

1. e4 g6 2. d4 Bg7 3. Nc3 d6 4. Bc4 Nc6 5. Be3 a6 6. Bb3 Na5 7. Qd2 Nxb3 8. axb3 h6 9. Nge2 Nf6 10. f3 Nd7 11. d5 e5 12. dxe6 fxe6 13. 0-0-0 Ne5 14. f4 Nc6 15. g4 Qe7 16. e5 dxe5 17. Qd3 Qf7 18. fxe5 0-0 19. Qe4 Qf3 20. Bc5 Qxe4 21. Nxe4 Rf7 22. Nf6+ Bxf6 23. exf6 Rxf6 24. Nc3 e5 25. Nd5 Rf7 26. Rdf1 Be6 27. Rxf7 Bxf7 28. Nxc7 Rc8 29. Bb6 Rd8 30. Rd1 Rxd1+ 31. Kxd1 Kg7 32. Be3 g5 33. Bc5 Nd4 34. b4 Kf6 35. h3 Nf3 36. Ke2 e4 37. Bf8 h5 38. Ke3 Ng1 39. gxh5 Bxh5 40. Nd5+ Ke5 41. Nc3 Nxh3 42. Nxe4 Bg6 43. Nc5 Bxc2 44. Nxb7 Ba4 45. Nc5 Bb5 46. Ne4 Kd5 47. Be7 g4 48. Nf2 Nxf2 49. Kxf2 Kc4 50. Kg3 Bd7 51. Bd6 1/2-1/2

[Event "Buenos Aires Szmetan Giardelli op"]
[Site "Buenos Aires"]
[Date "2018.12.08"]
[Round "5"]
[White "Quiroga, Facundo"]
[Black "Torella, Rodolfo"]
[Result "1-0"]
[WhiteElo "2277"]
[BlackElo "2042"]
[PlyCount "101"]
[EventDate "2018.12.04"]
[EventType "swiss"]
[EventRounds "9"]
[EventCountry "ARG"]
[SourceTitle "CBM 187 Extra"]
[Source "ChessBase"]
[SourceDate "2018.11.04"]
[SourceVersion "1"]
[SourceVersionDate "2018.11.04"]
[SourceQuality "1"]

1. Nf3 g6 2. g3 Bg7 3. Bg2 Nf6 4. 0-0 0-0 5. c4 c5 6. d4 d6 7. Nc3 Nc6 8. d5 Na5 9. Nd2 a6 10. Rb1 Rb8 11. a3 Qc7 12. b3 b5 13. Qc2 bxc4 14. bxc4 Ng4 15. Rxb8 Qxb8 16. Bb2 Ne5 17. Nd1 Qc7 18. f4 Ng4 19. Bxg7 Kxg7 20. Qc3+ Kg8 21. h3 Nh6 22. e4 f6 23. Ne3 Bd7 24. Rb1 Nf7 25. Kh2 Ba4 26. h4 Bd7 27. Nf3 Rc8 28. g4 Rf8 29. Kg3 e5 30. dxe6 Bxe6 31. Nd5 Bxd5 32. exd5 Re8 33. Bf1 Qd8 34. g5 fxg5 35. hxg5 Re7 36. Nh2 h6 37. gxh6 Nxh6 38. Bh3 Rb7 39. Be6+ Kh7 40. Rxb7+ Nxb7 41. Nf3 Nf5+ 42. Kf2 Nd4 43. Ng5+ Kg7 44. Qb2 Na5 45. Bg4 Qf6 46. Qc1 Nxc4 47. Kg3 Nb2 48. Qh1 Nf5+ 49. Bxf5 Qc3+ 50. Kh4 gxf5 51. Qg1 1-0

[Event "Buenos Aires Szmetan Giardelli op"]
[Site "Buenos Aires"]
[Date "2018.12.06"]
[Round "3"]
[White "Miranda, Rafael"]
[Black "Torella, Rodolfo"]
[Result "0-1"]
[WhiteElo "2302"]
[BlackElo "2042"]
[PlyCount "59"]
[EventDate "2018.12.04"]
[EventType "swiss"]
[EventRounds "9"]
[EventCountry "ARG"]
[SourceTitle "CBM 187 Extra"]
[Source "ChessBase"]
[SourceDate "2018.11.04"]
[SourceVersion "1"]
[SourceVersionDate "2018.11.04"]
[SourceQuality "1"]

1. e4 c5 2. Nf3 Nc6 3. d4 cxd4 4. Nxd4 Nf6 5. Nc3 e5 6. Ndb5 Bb4 7. a3 Bxc3+ 8. Nxc3 d6 9. Qd3 0-0 10. f3 Be6 11. g4 Nd4 12. Bg5 Rc8 13. 0-0-0 b5 14. Qe3 h6 15. Bxf6 Qxf6 16. f4 Bxg4 17. Rd2 Be6 18. Rg1 Kh8 19. f5 Bc4 20. Bxc4 Rxc4 21. Nd5 Qh4 22. Rdg2 Rfc8 23. c3 Nb3+ 24. Kc2 Rxe4 25. Qg3 Nd4+ 26. Kd3 Nxf5 27. Qf3 Rd4+ 28. Kc2 Qe4+ 29. Qxe4 Rxe4 30. Kd3 0-1